{"text_format":"3","workbook":"xlsx","n_sheets":1,"sheets":["t464"],"read":"whole","date_system":"1900"}

{"sheet":"t464","index":0,"n_rows":150,"n_cols":7,"rows_kept":150,"merged":[[0,0,0,6],[30,0,30,5],[43,0,43,5],[137,0,137,5]]}
["TABELA 464.1 - Estatísticas Agrícolas, Município de Queiroz, Estado de São Paulo, 2007/08."]
["ITEM","UNIDADE","N.DE UPAs","MÍNIMO","MÉDIO","MÁXIMO","TOTAL"]
["Distância à sede do município","km",97,0.1,{"v":7.57,"d":"7.6"},{"v":35,"d":"35.0"},"-"]
["Área total","hectare",97,2.1,{"v":241.73,"d":"241.7"},{"v":3315.4,"d":"3,315.4"},{"v":23447.6,"d":"23,447.6"}]
["Área com cultura perene","hectare",2,4.8,4.8,4.8,9.6]
["Área com cultura temporária","hectare",33,0.5,{"v":249.08,"d":"249.1"},{"v":1960.2,"d":"1,960.2"},{"v":8219.6,"d":"8,219.6"}]
["Área com pastagem","hectare",82,2.4,{"v":176.28,"d":"176.3"},{"v":1444.1,"d":"1,444.1"},{"v":14454.9,"d":"14,454.9"}]
["Área com reflorestamento","hectare",13,0.6,{"v":10.55,"d":"10.6"},{"v":29,"d":"29.0"},137.2]
["Área com vegetação natural","hectare",19,{"v":2,"d":"2.0"},{"v":17.13,"d":"17.1"},60.5,325.5]
["Área com vegetação de brejo e várzea","hectare",1,{"v":2,"d":"2.0"},{"v":2,"d":"2.0"},{"v":2,"d":"2.0"},{"v":2,"d":"2.0"}]
["Área em descanso","hectare",5,0.3,6.3,15.8,31.5]
["Área complementar","hectare",77,0.1,{"v":3.47,"d":"3.5"},48.4,267.3]
["Área das UPAs com (0, 1] ha","hectare","-","-","-","-","-"]
["Área das UPAs com (1, 2] ha","hectare","-","-","-","-","-"]
["Área das UPAs com (2, 5] ha","hectare",4,2.1,3.4,4.8,13.6]
["Área das UPAs com (5, 10] ha","hectare",6,7.2,{"v":8.73,"d":"8.7"},9.8,52.4]
["Área das UPAs com (10, 20] ha","hectare",12,11.1,{"v":15.78,"d":"15.8"},19.4,189.3]
["Área das UPAs com (20, 50] ha","hectare",13,23.9,{"v":34.62,"d":"34.6"},48.4,{"v":450,"d":"450.0"}]
["Área das UPAs com (50, 100] ha","hectare",14,{"v":52,"d":"52.0"},{"v":68.83,"d":"68.8"},99.2,963.6]
["Área das UPAs com (100, 200] ha","hectare",19,{"v":102,"d":"102.0"},{"v":148.79,"d":"148.8"},196.1,{"v":2827.1,"d":"2,827.1"}]
["Área das UPAs com (200, 500] ha","hectare",18,217.8,{"v":347.94,"d":"347.9"},486.1,{"v":6262.9,"d":"6,262.9"}]
["Área das UPAs com (500, 1.000] ha","hectare",6,573.4,{"v":692.73,"d":"692.7"},892.1,{"v":4156.4,"d":"4,156.4"}]
["Área das UPAs com (1.000, 2.000] ha","hectare",4,{"v":1031.6,"d":"1,031.6"},{"v":1304.23,"d":"1,304.2"},{"v":1495.6,"d":"1,495.6"},{"v":5216.9,"d":"5,216.9"}]
["Área das UPAs com (2.000, 5.000] ha","hectare",1,{"v":3315.4,"d":"3,315.4"},{"v":3315.4,"d":"3,315.4"},{"v":3315.4,"d":"3,315.4"},{"v":3315.4,"d":"3,315.4"}]
["Área das UPAs com (5.000, 10.000] ha","hectare","-","-","-","-","-"]
["Área das UPAs acima de 10.000 ha","hectare","-","-","-","-","-"]
["Familiares do proprietário que trabalham na UPA","unidade",52,{"v":1,"d":"1.0"},{"v":1.27,"d":"1.3"},{"v":3,"d":"3.0"},{"v":66,"d":"66.0"}]
["Trabalhadores permanentes","unidade",24,{"v":1,"d":"1.0"},{"v":6.67,"d":"6.7"},{"v":120,"d":"120.0"},{"v":160,"d":"160.0"}]
["Fonte: Secretaria de Agricultura e Abastecimento, CDRS/IEA, Projeto LUPA."]
[]
["TABELA 464.2 - Explorações Animais, Município de Queiroz, Estado de São Paulo, 2007/08."]
["ITEM","UNIDADE","N.DE UPAs","MÍNIMO","MÉDIO","MÁXIMO","TOTAL"]
["Asininos E Muares","cabeças",1,{"v":2,"d":"2.0"},{"v":2,"d":"2.0"},{"v":2,"d":"2.0"},{"v":2,"d":"2.0"}]
["Avicultura para Ovos","cabeças",1,{"v":851700,"d":"851,700.0"},{"v":851700,"d":"851,700.0"},{"v":851700,"d":"851,700.0"},{"v":851700,"d":"851,700.0"}]
["Bovinocultura de Corte","cabeças",51,{"v":7,"d":"7.0"},{"v":314.75,"d":"314.8"},{"v":2465,"d":"2,465.0"},{"v":16052,"d":"16,052.0"}]
["Bovinocultura Leiteira","cabeças",17,{"v":3,"d":"3.0"},{"v":21.88,"d":"21.9"},{"v":49,"d":"49.0"},{"v":372,"d":"372.0"}]
["Bovinocultura Mista","cabeças",7,{"v":10,"d":"10.0"},{"v":63.29,"d":"63.3"},{"v":260,"d":"260.0"},{"v":443,"d":"443.0"}]
["Bubalinocultura","cabeças",3,{"v":28,"d":"28.0"},{"v":46.33,"d":"46.3"},{"v":80,"d":"80.0"},{"v":139,"d":"139.0"}]
["Equinocultura","cabeças",38,{"v":1,"d":"1.0"},{"v":7.68,"d":"7.7"},{"v":60,"d":"60.0"},{"v":292,"d":"292.0"}]
["Ovinocultura","cabeças",1,{"v":25,"d":"25.0"},{"v":25,"d":"25.0"},{"v":25,"d":"25.0"},{"v":25,"d":"25.0"}]
["Suinocultura","cabeças",1,{"v":20,"d":"20.0"},{"v":20,"d":"20.0"},{"v":20,"d":"20.0"},{"v":20,"d":"20.0"}]
["Fonte: Secretaria de Agricultura e Abastecimento, CDRS/IEA, Projeto LUPA."]
[]
["TABELA 464.3 -  Máquinas, Implementos e Benfeitorias, Município de Queiroz, Estado de São Paulo, 2007/08."]
["ITEM","UNIDADE","N.DE UPAs","MÍNIMO","MÉDIO","MÁXIMO","TOTAL"]
["Arado Comum (Bacia, Aiveca)","Unidade",17,{"v":1,"d":"1.0"},{"v":2,"d":"2.0"},{"v":4,"d":"4.0"},{"v":34,"d":"34.0"}]
["Arado Escarificador","Unidade",2,{"v":3,"d":"3.0"},{"v":4,"d":"4.0"},{"v":5,"d":"5.0"},{"v":8,"d":"8.0"}]
["Batedeira de Cereais","Unidade",1,{"v":2,"d":"2.0"},{"v":2,"d":"2.0"},{"v":2,"d":"2.0"},{"v":2,"d":"2.0"}]
["Carregadeira de Cana","Unidade",1,{"v":1,"d":"1.0"},{"v":1,"d":"1.0"},{"v":1,"d":"1.0"},{"v":1,"d":"1.0"}]
["Colhedeira Acoplada","Unidade",4,{"v":1,"d":"1.0"},{"v":1.25,"d":"1.3"},{"v":2,"d":"2.0"},{"v":5,"d":"5.0"}]
["Colhedeira Automotriz","Unidade",1,{"v":1,"d":"1.0"},{"v":1,"d":"1.0"},{"v":1,"d":"1.0"},{"v":1,"d":"1.0"}]
["Conj.Irrigação Autopropelido","Unidade",1,{"v":1,"d":"1.0"},{"v":1,"d":"1.0"},{"v":1,"d":"1.0"},{"v":1,"d":"1.0"}]
["Conjunto de Fenação","Unidade",1,{"v":1,"d":"1.0"},{"v":1,"d":"1.0"},{"v":1,"d":"1.0"},{"v":1,"d":"1.0"}]
["Desintegrador, Picador, Triturador","Unidade",17,{"v":1,"d":"1.0"},{"v":1.24,"d":"1.2"},{"v":4,"d":"4.0"},{"v":21,"d":"21.0"}]
["Distribuidor de Calcário","Unidade",7,{"v":1,"d":"1.0"},{"v":1.14,"d":"1.1"},{"v":2,"d":"2.0"},{"v":8,"d":"8.0"}]
["Ensiladeira","Unidade",4,{"v":1,"d":"1.0"},{"v":1,"d":"1.0"},{"v":1,"d":"1.0"},{"v":4,"d":"4.0"}]
["Grade Aradora (Tipo Romi)","Unidade",8,{"v":1,"d":"1.0"},{"v":1.38,"d":"1.4"},{"v":2,"d":"2.0"},{"v":11,"d":"11.0"}]
["Grade Niveladora","Unidade",11,{"v":1,"d":"1.0"},{"v":1.55,"d":"1.6"},{"v":4,"d":"4.0"},{"v":17,"d":"17.0"}]
["Misturador de Ração","Unidade",2,{"v":1,"d":"1.0"},{"v":1,"d":"1.0"},{"v":1,"d":"1.0"},{"v":2,"d":"2.0"}]
["Ordenhadeira Mecânica","Unidade",1,{"v":1,"d":"1.0"},{"v":1,"d":"1.0"},{"v":1,"d":"1.0"},{"v":1,"d":"1.0"}]
["Pulverizador Tratorizado","Unidade",7,{"v":1,"d":"1.0"},{"v":1,"d":"1.0"},{"v":1,"d":"1.0"},{"v":7,"d":"7.0"}]
["Resfriador de Leite, Tanque Expansão","Unidade",1,{"v":1,"d":"1.0"},{"v":1,"d":"1.0"},{"v":1,"d":"1.0"},{"v":1,"d":"1.0"}]
["Semeadeira/Adubadeira para Plantio Convencional","Unidade",10,{"v":1,"d":"1.0"},1.3,{"v":2,"d":"2.0"},{"v":13,"d":"13.0"}]
["Terraceador","Unidade",2,{"v":1,"d":"1.0"},{"v":1,"d":"1.0"},{"v":1,"d":"1.0"},{"v":2,"d":"2.0"}]
["Trator de Esteiras","Unidade",1,{"v":2,"d":"2.0"},{"v":2,"d":"2.0"},{"v":2,"d":"2.0"},{"v":2,"d":"2.0"}]
["Trator de Pneus","Unidade",27,{"v":1,"d":"1.0"},{"v":1.89,"d":"1.9"},{"v":14,"d":"14.0"},{"v":51,"d":"51.0"}]
["Açude/Represa","Unidade",44,{"v":1,"d":"1.0"},3.8,{"v":35,"d":"35.0"},{"v":167,"d":"167.0"}]
["Almoxarifado/Oficina","Unidade",10,{"v":1,"d":"1.0"},1.1,{"v":2,"d":"2.0"},{"v":11,"d":"11.0"}]
["Armazém para Grãos Ensacados","Sacas",5,{"v":1,"d":"1.0"},{"v":1,"d":"1.0"},{"v":1,"d":"1.0"},{"v":5,"d":"5.0"}]
["Balança para Bovinos","Unidade",3,{"v":1,"d":"1.0"},{"v":1,"d":"1.0"},{"v":1,"d":"1.0"},{"v":3,"d":"3.0"}]
["Balança para Veículos","Unidade",3,{"v":1,"d":"1.0"},{"v":1,"d":"1.0"},{"v":1,"d":"1.0"},{"v":3,"d":"3.0"}]
["Barracão para Granja/Avicultura","Unidade",1,{"v":24,"d":"24.0"},{"v":24,"d":"24.0"},{"v":24,"d":"24.0"},{"v":24,"d":"24.0"}]
["Barracão/Galpão/Garagem","Unidade",32,{"v":1,"d":"1.0"},{"v":1.72,"d":"1.7"},{"v":11,"d":"11.0"},{"v":55,"d":"55.0"}]
["Casa de Moradia Habitada","Unidade",45,{"v":1,"d":"1.0"},{"v":2.38,"d":"2.4"},{"v":39,"d":"39.0"},{"v":107,"d":"107.0"}]
["Casa de Moradia Total","Unidade",48,{"v":1,"d":"1.0"},{"v":2.77,"d":"2.8"},{"v":39,"d":"39.0"},{"v":133,"d":"133.0"}]
["Curral/Mangueira","Unidade",48,{"v":1,"d":"1.0"},{"v":1.21,"d":"1.2"},{"v":4,"d":"4.0"},{"v":58,"d":"58.0"}]
["Depósito/Tulha","Unidade",28,{"v":1,"d":"1.0"},{"v":1.11,"d":"1.1"},{"v":2,"d":"2.0"},{"v":31,"d":"31.0"}]
["Estábulo","Unidade",7,{"v":1,"d":"1.0"},{"v":1.14,"d":"1.1"},{"v":2,"d":"2.0"},{"v":8,"d":"8.0"}]
["Estufa/Plasticultura","m²",2,{"v":1,"d":"1.0"},{"v":1,"d":"1.0"},{"v":1,"d":"1.0"},{"v":2,"d":"2.0"}]
["Fábrica de Ração","Unidade",1,{"v":1,"d":"1.0"},{"v":1,"d":"1.0"},{"v":1,"d":"1.0"},{"v":1,"d":"1.0"}]
["Instalações para Equinos","Unidade",1,{"v":3,"d":"3.0"},{"v":3,"d":"3.0"},{"v":3,"d":"3.0"},{"v":3,"d":"3.0"}]
["Pocilga","Unidade",1,{"v":1,"d":"1.0"},{"v":1,"d":"1.0"},{"v":1,"d":"1.0"},{"v":1,"d":"1.0"}]
["Poço Semi-Artesiano","Unidade",20,{"v":1,"d":"1.0"},{"v":1,"d":"1.0"},{"v":1,"d":"1.0"},{"v":20,"d":"20.0"}]
["Silo para Silagem","t",4,{"v":1,"d":"1.0"},{"v":175.75,"d":"175.8"},{"v":700,"d":"700.0"},{"v":703,"d":"703.0"}]
["Terreiro","m²",1,{"v":1,"d":"1.0"},{"v":1,"d":"1.0"},{"v":1,"d":"1.0"},{"v":1,"d":"1.0"}]
["Usina de Açúcar/destilaria","Unidade",1,{"v":1,"d":"1.0"},{"v":1,"d":"1.0"},{"v":1,"d":"1.0"},{"v":1,"d":"1.0"}]
["Fonte: Secretaria de Agricultura e Abastecimento, CDRS/IEA, Projeto LUPA."]
[]
["TABELA 464.4 - Outras Estatísticas Agrícolas, Município de Queiroz, Estado de São Paulo, 2007/08."]
["ITEM","Número de UPAs",null,"Percentual"]
["Faz Parte de Associação de Produtores",13,null,{"v":13.402061855670103,"d":"13.4"}]
["Faz Parte de Cooperativa de Produtores",52,null,{"v":53.608247422680414,"d":"53.6"}]
["Faz Parte do Sindicato de Produtores",5,null,{"v":5.154639175257732,"d":"5.2"}]
["Não utiliza assistência técnica ",59,null,{"v":60.824742268041234,"d":"60.8"}]
["Utiliza somente assistência técnica governamental ",31,null,{"v":31.95876288659794,"d":"32.0"}]
["Utiliza somente assistência técnica privada ",2,null,{"v":2.0618556701030926,"d":"2.1"}]
["Utiliza assistência técnica tanto governamental quanto privada",5,null,{"v":5.154639175257732,"d":"5.2"}]
["Utiliza Crédito Rural",5,null,{"v":5.154639175257732,"d":"5.2"}]
["Utiliza Seguro Rural",1,null,{"v":1.0309278350515465,"d":"1.0"}]
["Utiliza Escrituração Agrícola",71,null,{"v":73.19587628865979,"d":"73.2"}]
["Acessa Internet p/ Fins na Agropecuária",5,null,{"v":5.154639175257732,"d":"5.2"}]
["Utiliza Computador nas Atividades Agropecuárias",4,null,{"v":4.123711340206186,"d":"4.1"}]
["Utiliza Energia Elétrica Para Uso na Atividade Agrícola",73,null,{"v":75.25773195876288,"d":"75.3"}]
["Realiza Análise de Solo, quando necessário",12,null,{"v":12.371134020618555,"d":"12.4"}]
["Utiliza Práticas de Conservação de Solo, quando necessário",64,null,{"v":65.97938144329896,"d":"66.0"}]
["Faz Adubação Mineral, quando necessário",24,null,{"v":24.742268041237114,"d":"24.7"}]
["Faz Adubação Orgânica, quando necessário",5,null,{"v":5.154639175257732,"d":"5.2"}]
["Faz Adubação Verde, quando necessário",1,null,{"v":1.0309278350515465,"d":"1.0"}]
["Utiliza Manejo Integrado de Pragas (MIP)","-",null,"-"]
["Utiliza Hidroponia","-",null,"-"]
["Utiliza Plasticultura","-",null,"-"]
["Utiliza Mudas Fiscalizadas",9,null,{"v":9.278350515463918,"d":"9.3"}]
["Utiliza Semente Melhorada",18,null,{"v":18.556701030927837,"d":"18.6"}]
["Faz Confinamento de Bovinos","-",null,"-"]
["Utiliza Pastejo Intensivo",8,null,{"v":8.24742268041237,"d":"8.2"}]
["Faz Inseminação Artificial",4,null,{"v":4.123711340206186,"d":"4.1"}]
["Faz Mineralização do Rebanho",52,null,{"v":53.608247422680414,"d":"53.6"}]
["Faz Vermifugação do Rebanho",51,null,{"v":52.57731958762887,"d":"52.6"}]
["Possui Parceiros /Arrendatários na Exploração Animal",10,null,{"v":10.309278350515465,"d":"10.3"}]
["Esporte e lazer","-",null,"-"]
["Extração mineral","-",null,"-"]
["Hotel Fazenda, Pousada ou SPA","-",null,"-"]
["Pesque-pague","-",null,"-"]
["Restaurante ou Lanchonete","-",null,"-"]
["Transformação artesanal","-",null,"-"]
["Turismo rural ou ecoturismo","-",null,"-"]
["Outras atividades econômicas rurais","-",null,"-"]
["Agroindústria","-",null,"-"]
["Proprietário sem instrução ou com instrução incompleta",7,null,{"v":7.216494845360825,"d":"7.2"}]
["Proprietário com antigo primário completo",30,null,{"v":30.927835051546392,"d":"30.9"}]
["Proprietário com 1° grau (ou antigo ginasial) completo",12,null,{"v":12.371134020618555,"d":"12.4"}]
["Proprietário com 2° grau (ou antigo colegial) completo",22,null,{"v":22.68041237113402,"d":"22.7"}]
["Proprietário com curso superior completo ",23,null,{"v":23.711340206185564,"d":"23.7"}]
["Pessoa Jurídica",3,null,{"v":3.0927835051546393,"d":"3.1"}]
["Proprietário residente na própria UPA ",21,null,{"v":21.649484536082475,"d":"21.6"}]
["Fonte: Secretaria de Agricultura e Abastecimento, CDRS/IEA, Projeto LUPA."]
[]
["TABELA 464.5 - Área Cultivada, Município de Queiroz, Estado de São Paulo, 2007/08."]
["CULTURA","N.DE UPAs","MÍNIMO","MÉDIO","MÁXIMO","TOTAL"]
["Braquiaria",82,2.4,{"v":176.28,"d":"176.3"},{"v":1444.1,"d":"1,444.1"},{"v":14454.9,"d":"14,454.9"}]
["Cana-de-acucar",26,2.9,{"v":273.28,"d":"273.3"},{"v":1790.8,"d":"1,790.8"},{"v":7105.4,"d":"7,105.4"}]
["Amendoim",7,16.9,{"v":115.89,"d":"115.9"},249.9,811.2]
["Sorgo",1,169.4,169.4,169.4,169.4]
["Eucalipto",12,1.2,{"v":11.38,"d":"11.4"},{"v":29,"d":"29.0"},136.6]
["Milho",3,0.5,{"v":32.43,"d":"32.4"},48.4,97.3]
["Melancia",1,36.3,36.3,36.3,36.3]
["Seringueira",1,4.8,4.8,4.8,4.8]
["Macadamia (ou noz-macadamia)",1,4.8,4.8,4.8,4.8]
["Outras florestais",1,0.6,0.6,0.6,0.6]
["Fonte: Secretaria de Agricultura e Abastecimento, CDRS/IEA, Projeto LUPA."]